|
|
|
|
| LEADER |
00862nam a22002412a 4500 |
| 001 |
001766395 |
| 003 |
CZ BrMZK |
| 005 |
20210427133013.0 |
| 007 |
ta |
| 008 |
200902s1967 ru a er|||||||||||rus d |
| 040 |
|
|
|a ABA001
|b cze
|d ABA001
|d ABD046
|d BOA001
|
| 072 |
|
7 |
|a 59
|x Zoologie
|2 Konspekt
|9 2
|
| 080 |
|
|
|a 595.42
|2 MRF
|
| 100 |
1 |
|
|a Balašov, Jurij Sergejevič,
|d 1931-2012
|7 ola2003204862
|4 aut
|
| 245 |
1 |
0 |
|a Krovososuščije klešči (ixodoidea) - perenosčiki boleznej čeloveka i životnych /
|c Jurij Sergejevič Balašov
|
| 260 |
|
|
|a Leningrad :
|b Nauka,
|c 1967
|
| 300 |
|
|
|a 318 s. :
|b il. ;
|c 25 cm
|
| 650 |
0 |
7 |
|a klíšťata
|7 ph161695
|2 czenas
|
| 650 |
0 |
7 |
|a přenašeči nemocí
|7 ph124905
|2 czenas
|
| 910 |
|
|
|a BOA001
|b 3-0600.626
|
| 990 |
|
|
|a BK
|
| 991 |
|
|
|b 202009
|
| 996 |
7 |
|
|b 2618899487
|c 3-0600.626
|l MZK
|r Sklad / do 1 hodiny
|n 0
|w 001822668
|u 000010
|a 1
|e BOA001
|j MZK50
|s A
|